Diseño mecánico de montaje para líneas de distribución de energía eléctrica
Uloženo v:
| Hlavní autor: | |
|---|---|
| Další autoři: | |
| Médium: | Kniha |
| Jazyk: | Spanish |
| Vydáno: |
[San José, Costa Rica]
2015
|
| Témata: | |
| Tagy: |
Přidat tag
Žádné tagy, Buďte první, kdo vytvoří štítek k tomuto záznamu!
|
MARC
| LEADER | 00000nam a22000007a 4500 | ||
|---|---|---|---|
| 003 | 012315 | ||
| 005 | 20230623135429.0 | ||
| 008 | 160111b2015 cr a|||| m||| 00| | spa d | ||
| 040 | |c cru CEDI | ||
| 100 | |9 2590 |a Fernández Vásquez, Raúl | ||
| 245 | |a Diseño mecánico de montaje para líneas de distribución de energía eléctrica | ||
| 260 | |a [San José, Costa Rica] |c 2015 | ||
| 500 | |a Proyecto de graduación (licenciatura en ingeniería mecánica)--Universidad de Costa Rica. Facultad de Ingeniería. Escuela de Ingeniería Mecánica | ||
| 501 | |a Director de Proyecto de Graduación: Ing. Gabriel Monge Gapper, Msc. | ||
| 648 | |x METODOS DE SIMULACION - MODELOS MATEMATICOS |x METODO DE ELEMENTOS FINITOS |9 2591 | ||
| 700 | |9 113 |a Monge Gapper, Gabriel, 1977- |d Director del TFG | ||
| 942 | |c CEDI |h TFG 7479 |6 TFG_7479_000000000000000 | ||
| 999 | |c 15841 |d 15841 | ||
